[Event "World Youth Girl U16 2016"]
[Site "Khanty-Mansiysk RUS"]
[Date "2016.09.24"]
[Round "3.24"]
[White "Busuioc, Alexandra"]
[Black "Saumy, Zainab"]
[Result "1/2-1/2"]
[WhiteElo "1876"]
[BlackElo "1688"]
[WhiteFideId "1635778"]
[BlackFideId "9911316"]
[EventDate "2016.09.22"]

1. e4 e6 2. d4 d5 3. Nd2 dxe4 4. Nxe4 Bd7 5. c4 Bc6 6. Nc3 Nf6 7. Be3 b6 8. Nf3
Nbd7 9. Be2 Be7 10. O-O O-O 11. h3 Bb7 12. Qc2 Rc8 13. Rfd1 c6 14. Rd2 Qc7 15.
Rad1 Rfd8 16. Bg5 e5 17. Ne4 Nxe4 18. Qxe4 c5 19. d5 Bxg5 20. Nxg5 Nf6 21. Qh4
Rd6 22. Bd3 h6 23. Ne4 Nxe4 24. Qxe4 Rg6 25. Qe3 Rf6 26. Be4 Qd6 27. Rd3 Re8 28.
Qe2 Rf4 29. Rf3 Kh8 30. Rxf4 exf4 31. Qc2 Qe5 32. Bf3 Bc8 33. Qa4 Qe7 34. d6 Bd7
35. Bc6 Bxc6 36. Qxc6 Qe2 37. Rf1 Qe6 38. Rd1 Rd8 39. Qc7 Qd7 40. Rd5 Kh7 41.
Qxd7 Rxd7 42. Kf1 g5 43. Ke2 Kg6 44. Kf3 f5 1/2-1/2

[Event "World Youth Girl U16 2016"]
[Site "Khanty-Mansiysk RUS"]
[Date "2016.09.24"]
[Round "3.25"]
[White "Gardiner, Nina"]
[Black "Limanovska, Elizabete"]
[Result "0-1"]
[WhiteElo "1530"]
[BlackElo "1870"]
[WhiteFideId "14306867"]
[BlackFideId "11603542"]
[EventDate "2016.09.22"]

1. e4 c5 2. Nf3 d6 3. d4 cxd4 4. Nxd4 Nf6 5. Nc3 a6 6. f3 e5 7. Nb3 Be6 8. Be3
Be7 9. Qd2 O-O 10. O-O-O Nbd7 11. g4 b5 12. g5 Nh5 13. Ne2 Nb6 14. Ng3 Nf4 15.
Bxf4 exf4 16. Nh5 g6 17. Nf6+ Bxf6 18. gxf6 Qxf6 19. Qxd6 Nc4 20. Qd4 Qh4 21.
Bd3 Rfd8 22. Qg1 Ne3 23. Rd2 Rac8 24. Qf2 Qe7 25. h4 h5 26. Rh2 a5 27. Kb1 a4
28. Nc1 b4 29. Ne2 Qd6 30. c3 Nc4 31. Rd1 bxc3 32. Nxc3 a3 33. Na4 axb2 34. Qe2
Na3+ 0-1

[Event "World Youth Girl U16 2016"]
[Site "Khanty-Mansiysk RUS"]
[Date "2016.09.24"]
[Round "3.26"]
[White "Shih, Ching-An"]
[Black "Oberholzer, Marni"]
[Result "1/2-1/2"]
[WhiteTitle "WCM"]
[WhiteElo "1460"]
[BlackElo "1683"]
[WhiteFideId "16300653"]
[BlackFideId "14310414"]
[EventDate "2016.09.22"]

1. e4 c6 2. d4 d5 3. Nc3 dxe4 4. Nxe4 Nd7 5. Ng5 Ngf6 6. Bd3 h6 7. Ne6 Qb6 8.
Nxf8 Nxf8 9. Nf3 Bg4 10. c3 N8d7 11. h3 Be6 12. Qe2 Qc7 13. O-O g5 14. Re1 O-O-O
15. Bc4 Bxc4 16. Qxc4 e6 17. Ne5 Nxe5 18. Rxe5 Rd5 19. Rxd5 Nxd5 20. Qe2 Nf4 21.
Bxf4 Qxf4 22. Re1 Rg8 23. Qe3 Qc7 24. Qe4 Rg6 25. Qf3 f5 26. Re5 Kd7 27. Qd3 Qd6
28. g4 Rf6 29. gxf5 Rxf5 30. Rxf5 exf5 31. Qxf5+ Kc7 32. Qa5+ Kb8 33. Kg2 Qf8
34. Qe5+ Kc8 35. Kg3 Kd7 36. f4 gxf4+ 37. Qxf4 Qh8 38. Qf7+ Kc8 39. Kg4 a6 40.
Kh5 Kb8 41. Qf4+ Ka7 42. Qxh6 Qe8+ 43. Kh4 Qe1+ 44. Kg4 Qe2+ 45. Kf5 Qd3+ 46.
Ke5 Qb5+ 47. Ke4 Qe2+ 48. Qe3 Qg2+ 49. Kd3 Qg6+ 50. Kc4 Qf7+ 51. Kb4 Qxa2 52.
d5+ Ka8 53. Qe8+ Ka7 54. Qe3+ 1/2-1/2

[Event "World Youth Girl U16 2016"]
[Site "Khanty-Mansiysk RUS"]
[Date "2016.09.24"]
[Round "3.27"]
[White "Griciute, Rosita"]
[Black "Ni Mhuireagain, Eibhia"]
[Result "1/2-1/2"]
[WhiteElo "1641"]
[BlackElo "1433"]
[WhiteFideId "12811238"]
[BlackFideId "2505665"]
[EventDate "2016.09.22"]

1. e4 d5 2. exd5 Qxd5 3. Nc3 Qd6 4. Nf3 Bg4 5. h3 Bh5 6. d3 Nf6 7. g4 Bg6 8. Bg2
c6 9. Bd2 Nbd7 10. Qe2 e6 11. a3 h6 12. O-O-O Qc7 13. Nd4 Bd6 14. Nb3 O-O-O 15.
Rhf1 Nb6 16. Na5 Nbd5 17. Nc4 Bf4 18. Kb1 Rhe8 19. Ne3 h5 20. Qf3 Nxe3 21. fxe3
Bd6 22. e4 Qb6 23. d4 hxg4 24. hxg4 Be7 25. e5 Nd5 26. Nxd5 cxd5 1/2-1/2

[Event "World Youth Girl U16 2016"]
[Site "Khanty-Mansiysk RUS"]
[Date "2016.09.24"]
[Round "3.28"]
[White "Nazarova, Veronika"]
[Black "Petraki, Argiro"]
[Result "0-1"]
[WhiteElo "1303"]
[BlackElo "1632"]
[WhiteFideId "4506944"]
[BlackFideId "4252748"]
[EventDate "2016.09.22"]

1. e4 c5 2. d3 Nc6 3. g3 g6 4. Bg2 Bg7 5. Ne2 e6 6. O-O Nge7 7. Bg5 Bxb2 8. Bf6
Bxf6 9. Nbc3 d6 10. Rb1 Rb8 11. f4 Bg7 12. h3 O-O 13. Kh2 Bd7 14. Qd2 a6 15. g4
f5 16. Ng3 b5 17. g5 b4 18. Nd1 Qa5 19. Ne3 Nd4 20. Nc4 Qxa2 21. Nxd6 Qxc2 22.
Qe3 Bb5 23. Nxb5 Nxb5 24. Rfc1 Bd4 25. Rxc2 Bxe3 26. Re2 Bd4 27. exf5 Nxf5 28.
Rxe6 Nxg3 29. Kxg3 Nc3 30. Rxa6 b3 0-1

[Event "World Youth Girl U16 2016"]
[Site "Khanty-Mansiysk RUS"]
[Date "2016.09.24"]
[Round "3.29"]
[White "Horn, Caro"]
[Black "Wijesuriya, G P Y"]
[Result "0-1"]
[WhiteElo "1229"]
[BlackElo "1588"]
[WhiteFideId "15200884"]
[BlackFideId "9906959"]
[EventDate "2016.09.22"]

1. e4 e5 2. Nf3 Nc6 3. Bc4 Nf6 4. Ng5 d5 5. exd5 Na5 6. Bb5+ c6 7. dxc6 bxc6 8.
Ba4 h6 9. Nf3 e4 10. Ne5 Qd5 11. Bxc6+ Nxc6 12. Nxc6 Qc5 13. Nxa7 Qxa7 14. Nc3
Bc5 15. d3 Bxf2+ 16. Kf1 Bg4 17. Nb5 Bxd1 18. Nxa7 Bxa7 19. Bd2 Bxc2 20. dxe4
Nxe4 21. Bc3 O-O 22. Ke2 Nxc3+ 23. Kd2 Bg6 24. bxc3 Rfe8 25. Rhf1 Rad8+ 26. Kc1
Be3+ 27. Kb2 Rb8+ 28. Ka3 Bc5+ 29. Ka4 Rb6 30. Rxf7 Bxf7 31. Re1 Ra8# 0-1

[Event "World Youth Girl U16 2016"]
[Site "Khanty-Mansiysk RUS"]
[Date "2016.09.25"]
[Round "4.1"]
[White "Kazarian, Anna-Maja"]
[Black "Yao, Lan"]
[Result "1-0"]
[WhiteTitle "FM"]
[WhiteElo "2231"]
[BlackElo "2235"]
[WhiteFideId "1033689"]
[BlackFideId "8610835"]
[EventDate "2016.09.22"]

1. e4 c5 2. Nf3 d6 3. d4 cxd4 4. Nxd4 Nf6 5. Nc3 Nc6 6. f3 e5 7. Nb3 Be7 8. Be3
O-O 9. Qd2 a5 10. Bb5 Na7 11. Bd3 Nc6 12. a4 Be6 13. Rd1 Nb4 14. Qf2 Qc8 15. Bb5
d5 16. exd5 Nfxd5 17. Nxd5 Nxd5 18. Bc5 Qc7 19. Bxe7 Qxe7 20. O-O Nf4 21. Rd2 h5
22. Re1 Qg5 23. Qg3 Qf6 24. Nc5 h4 25. Qf2 h3 26. g3 Ng2 27. Red1 e4 28. Nxe4
Qxb2 29. c3 Qa3 30. Qc5 Qb3 31. Qh5 Ne3 32. Qg5 f5 33. Qxe3 fxe4 34. Qxe4 Rac8
35. Rb1 Qxc3 36. Qxe6+ Rf7 37. Be8 Qc5+ 38. Kf1 Rxe8 39. Qxe8+ Rf8 40. Qe6+ Kh8
41. Qxh3+ Kg8 42. Qe6+ Kh8 43. Kg2 Qc3 44. Rf2 1-0

[Event "World Youth Girl U16 2016"]
[Site "Khanty-Mansiysk RUS"]
[Date "2016.09.25"]
[Round "4.2"]
[White "Vazquez Maccarini, Danitza"]
[Black "Kiolbasa, Oliwia"]
[Result "0-1"]
[WhiteTitle "WIM"]
[BlackTitle "WIM"]
[WhiteElo "2142"]
[BlackElo "2196"]
[WhiteFideId "3101193"]
[BlackFideId "1154613"]
[EventDate "2016.09.22"]

1. e4 c5 2. Nf3 Nc6 3. Bb5 g6 4. c3 Bg7 5. d4 cxd4 6. cxd4 Nf6 7. d5 Qa5+ 8. Nc3
Nxe4 9. dxc6 Bxc3+ 10. bxc3 Qxb5 11. Qd4 Nf6 12. Bh6 dxc6 13. Bg7 Rg8 14. Bxf6
exf6 15. Qxf6 Qf5 16. Qd4 Qd5 17. Qh4 Qd3 18. Rd1 Qxc3+ 19. Rd2 Be6 20. O-O g5
21. Qxh7 Rh8 22. Qe4 g4 23. Rd3 Qf6 24. Nd4 O-O-O 25. Nxc6 Rxd3 26. Nxa7+ Kb8
27. Qxd3 Qe5 28. Nc6+ bxc6 29. g3 Kc7 30. Qa6 Rb8 31. Rd1 Bd5 32. Qa7+ Rb7 33.
Qa5+ Kd7 34. Re1 Qb8 35. Qc5 Qd6 36. Qd4 Be6 37. Qa4 Rb4 38. Qa7+ Ke8 39. Qa8+
Ke7 40. a4 Rd4 41. Qa7+ Kf8 42. Qa8+ Kg7 43. Qa5 Rd1 44. Qg5+ Kf8 45. Qh6+ Ke7
46. Qg5+ Kd7 47. Qe3 Rxe1+ 48. Qxe1 Bb3 49. a5 Qd1 50. Qxd1+ Bxd1 51. f4 c5 52.
h4 gxh3 53. Kh2 Bg4 0-1

[Event "World Youth Girl U16 2016"]
[Site "Khanty-Mansiysk RUS"]
[Date "2016.09.25"]
[Round "4.3"]
[White "Amina, Battsooj"]
[Black "Jie, Tianhui"]
[Result "1-0"]
[WhiteTitle "FM"]
[WhiteElo "2302"]
[BlackElo "1914"]
[WhiteFideId "4902661"]
[BlackFideId "30908566"]
[EventDate "2016.09.22"]

1. e4 c5 2. Nf3 a6 3. d4 cxd4 4. Nxd4 e5 5. Nf3 Nf6 6. Bc4 Qc7 7. Qd3 b5 8. Bb3
Bb7 9. Ng5 Bb4+ 10. c3 O-O 11. O-O Bc5 12. Nd2 h6 13. Ngf3 Re8 14. Nh4 Qc6 15.
Qg3 Nh5 16. Qg4 Nf4 17. Qf5 Qf6 18. Qxf6 gxf6 19. Nf5 h5 20. g3 Ne6 21. Bd1 Ng5
22. Bxh5 Nxe4 23. Nxe4 Bxe4 24. Nh6+ Kg7 25. b4 Bb6 26. Nxf7 Bg6 27. Bxg6 Kxg6
28. Nd6 Re6 29. Rd1 Bc7 30. Ne4 d6 31. h4 Nc6 32. a4 Rd8 33. axb5 axb5 34. Rd5
Rb8 35. Ra6 Ne7 36. Rd2 Nf5 37. Rc6 Re7 38. h5+ Kf7 39. g4 Nh6 40. Nxd6+ Bxd6
41. Rdxd6 Nxg4 42. f3 1-0

[Event "World Youth Girl U16 2016"]
[Site "Khanty-Mansiysk RUS"]
[Date "2016.09.25"]
[Round "4.4"]
[White "Gundogan, Sinem Cagla"]
[Black "Aakanksha, Hagawane"]
[Result "0-1"]
[WhiteTitle "WCM"]
[WhiteElo "1933"]
[BlackElo "2183"]
[WhiteFideId "6325378"]
[BlackFideId "25014510"]
[EventDate "2016.09.22"]

1. e4 e5 2. Nf3 Nc6 3. Bc4 Nf6 4. d3 Be7 5. c3 O-O 6. Bb3 d5 7. Qe2 Be6 8. O-O
Re8 9. Rd1 h6 10. Nbd2 Bd6 11. Nf1 Ne7 12. h3 Ng6 13. Bc2 Nh5 14. d4 Nhf4 15.
Bxf4 Nxf4 16. Qe3 exd4 17. Nxd4 Qg5 18. Ng3 Bd7 19. Qf3 h5 20. exd5 h4 21. Ngf5
g6 22. Nxd6 cxd6 23. Kh1 Re5 24. Re1 Rae8 25. Rxe5 Rxe5 26. c4 Re8 27. Rd1 Qe5
28. b4 Kg7 29. Bb3 Rc8 30. Qe3 Qg5 31. Rg1 Re8 32. Qf3 Qe5 33. Rd1 Rc8 34. Nc2
b5 35. Re1 Qf6 36. Ne3 Nd3 37. Qxf6+ Kxf6 38. Rd1 Nxf2+ 0-1

[Event "World Youth Girl U16 2016"]
[Site "Khanty-Mansiysk RUS"]
[Date "2016.09.25"]
[Round "4.5"]
[White "Yakubbaeva, Nilufar"]
[Black "Hrescak, Ivana"]
[Result "1/2-1/2"]
[BlackTitle "WFM"]
[WhiteElo "1896"]
[BlackElo "1957"]
[WhiteFideId "14204487"]
[BlackFideId "14613441"]
[EventDate "2016.09.22"]

1. d4 Nf6 2. Nf3 g6 3. Bg5 Bg7 4. Nbd2 d6 5. e4 O-O 6. h3 c5 7. c3 Nc6 8. Bd3
Nd7 9. Be3 a6 10. a4 Rb8 11. Nb3 cxd4 12. Nbxd4 Nde5 13. Nxe5 Nxe5 14. Be2 Qc7
15. O-O Nc4 16. Bc1 Bd7 17. b3 Ne5 18. Bb2 Qb6 19. a5 Qc7 20. Qd2 Rbd8 21. Rfd1
Nc6 22. c4 Nxd4 23. Bxd4 Bxd4 24. Qxd4 Qc5 25. Qc3 Bc6 26. b4 Qg5 27. f3 Qg3 28.
Qe3 Bd7 29. Kh1 Be6 30. Rac1 Rc8 31. Rd2 Rc7 32. Rdc2 f5 33. Bd3 Rf6 34. Qe1 Qg5
35. e5 dxe5 36. Qxe5 Rd7 37. Bf1 Bf7 38. c5 Re6 39. Qb8+ Kg7 40. Bc4 Rd2 41.
Rxd2 Qxd2 42. Rg1 Re1 43. Bxf7 Kxf7 44. Qxb7 Rxg1+ 45. Kxg1 Qe1+ 46. Kh2 Qe5+
47. f4 Qxf4+ 48. Kg1 Qc1+ 49. Kf2 Qb2+ 1/2-1/2

[Event "World Youth Girl U16 2016"]
[Site "Khanty-Mansiysk RUS"]
[Date "2016.09.25"]
[Round "4.6"]
[White "Alinasab, Mobina"]
[Black "Jakab, Kincso"]
[Result "1/2-1/2"]
[WhiteTitle "WFM"]
[WhiteElo "2230"]
[BlackElo "1893"]
[WhiteFideId "12528897"]
[BlackFideId "1232002"]
[EventDate "2016.09.22"]

1. e4 c5 2. Nf3 Nc6 3. d4 cxd4 4. Nxd4 g6 5. c4 Bg7 6. Be3 Nf6 7. Nc3 O-O 8. Be2
d6 9. O-O Bd7 10. Qd2 Nxd4 11. Bxd4 Bc6 12. f3 a5 13. b3 Nd7 14. Be3 Nc5 15.
Rab1 e6 16. a3 Be5 17. b4 axb4 18. axb4 Ra3 19. bxc5 Bxc3 20. Qc1 Qa5 21. cxd6
Bb4 22. Ra1 Bxd6 23. c5 Bxc5 24. Rxa3 Bxa3 25. Qa1 Bb4 26. Qxa5 Bxa5 27. Ra1 Bc3
28. Ra3 Bf6 29. Bb6 Bd8 30. Bc5 Re8 31. Rb3 Be7 32. Bb6 Ra8 33. Bb5 Ra1+ 34. Kf2
Bd6 35. Bd4 Ra2+ 36. Kg1 Rd2 37. Be3 Ra2 38. Bh6 Bc5+ 39. Kf1 Bxb5+ 40. Rxb5 b6
41. Rb3 Rf2+ 42. Ke1 Rxg2 43. Rd3 f5 44. e5 Rxh2 45. Rd8+ Kf7 46. Bg5 Bf8 47.
Rd7+ Kg8 48. Rd8 Kf7 49. Rd7+ Ke8 1/2-1/2

[Event "World Youth Girl U16 2016"]
[Site "Khanty-Mansiysk RUS"]
[Date "2016.09.25"]
[Round "4.7"]
[White "Khristenko, Anna"]
[Black "Shuvalova, Polina"]
[Result "0-1"]
[BlackTitle "WFM"]
[WhiteElo "1938"]
[BlackElo "2393"]
[WhiteFideId "24173886"]
[BlackFideId "24171760"]
[EventDate "2016.09.22"]

1. Nf3 c5 2. g3 Nc6 3. Bg2 g6 4. O-O Bg7 5. e4 d6 6. h3 e5 7. d3 Nge7 8. Nbd2
O-O 9. Nc4 h6 10. Nh2 Be6 11. Ne3 Qd7 12. h4 f5 13. Nd5 Rf7 14. Bd2 Raf8 15. Qc1
Nd4 16. Qd1 f4 17. Nxe7+ Qxe7 18. c3 f3 19. cxd4 fxg2 20. Kxg2 Qd7 21. Qe2 Bh3+
22. Kg1 Bxf1 23. Rxf1 cxd4 24. Bc1 Qh3 25. Qc2 Kh7 26. a4 Rxf2 27. Rxf2 Qxg3+
28. Kf1 Qxh2 29. Qd2 Rxf2+ 30. Qxf2 Qh1+ 31. Qg1 Qf3+ 32. Ke1 Bf6 33. Qh2 Qxd3
34. Qf2 Qxe4+ 0-1

[Event "World Youth Girl U16 2016"]
[Site "Khanty-Mansiysk RUS"]
[Date "2016.09.25"]
[Round "4.8"]
[White "Prakapuk, Vera"]
[Black "Radeva, Viktoria"]
[Result "1-0"]
[BlackTitle "WFM"]
[WhiteElo "1908"]
[BlackElo "2143"]
[WhiteFideId "13507052"]
[BlackFideId "2915405"]
[EventDate "2016.09.22"]

1. e4 c6 2. d4 d5 3. Nd2 g6 4. Ngf3 Bg7 5. h3 dxe4 6. Nxe4 Nf6 7. Nxf6+ exf6 8.
c3 O-O 9. Be2 Be6 10. O-O Nd7 11. c4 Nb6 12. Qb3 Re8 13. Be3 f5 14. Rfe1 f6 15.
a4 Qc7 16. g3 g5 17. a5 Nc8 18. d5 Bf7 19. dxc6 bxc6 20. Bc5 Nd6 21. Bxd6 Qxd6
22. Qd3 Qc5 23. Qd4 Qb4 24. Bd3 c5 25. Qd7 Qxb2 26. Qxf5 Bg6 27. Qd5+ Kh8 28.
Bxg6 hxg6 29. Qxc5 Rec8 30. Qd5 Rd8 31. Qf7 Qc3 32. Kg2 Kh7 33. Rac1 Qb2 34. Rb1
Qc3 35. Rb7 Rg8 36. Re6 Raf8 37. Qc7 Rc8 38. Qe7 Rcf8 39. Rxa7 Qxc4 40. Rxf6
Rxf6 41. Qxf6 Qe4 42. Kh2 Kh8 43. Rxg7 Rxg7 44. Qf8+ 1-0

[Event "World Youth Girl U16 2016"]
[Site "Khanty-Mansiysk RUS"]
[Date "2016.09.25"]
[Round "4.9"]
[White "Hamedi Nia, Vesal"]
[Black "Sliwicka, Alicja"]
[Result "1-0"]
[BlackTitle "WFM"]
[WhiteElo "1904"]
[BlackElo "2092"]
[WhiteFideId "12542253"]
[BlackFideId "1150677"]
[EventDate "2016.09.22"]

1. d4 d5 2. c4 dxc4 3. e3 e6 4. Bxc4 Nf6 5. Nc3 a6 6. a3 b5 7. Be2 Bb7 8. Bf3
Bxf3 9. Nxf3 Nbd7 10. b4 Nb6 11. Ne5 Bd6 12. Nd3 Nc4 13. O-O Qe7 14. f4 Nd5 15.
Qf3 O-O 16. Ne2 f5 17. Ng3 a5 18. bxa5 Rxa5 19. Nxf5 exf5 20. Qxd5+ Kh8 21. Ne5
Nb6 22. Qb3 Bxe5 23. fxe5 Nc4 24. Rf2 c5 25. Bb2 cxd4 26. exd4 Qd7 27. Qd1 Qd5
28. Qb3 Kg8 29. Raf1 Re8 30. h3 Rea8 31. Rf3 g6 32. Bc1 Rd8 33. Rf4 Re8 34. R1f3
Rea8 35. Rf1 Nb6 36. Qxd5+ Nxd5 37. R4f3 Kg7 38. R1f2 h6 39. Rc2 g5 40. Rc5 Nb6
41. Rb3 Nc4 42. Rcxb5 Rxb5 43. Rxb5 Nxa3 44. Bxa3 Rxa3 45. d5 Rd3 46. Rb7+ Kg6
47. d6 f4 48. Re7 Kf5 49. Kf2 h5 50. d7 g4 51. hxg4+ hxg4 52. Re8 g3+ 53. Ke2
Re3+ 54. Kf1 Rd3 55. d8=Q Rxd8 56. Rxd8 1-0

[Event "World Youth Girl U16 2016"]
[Site "Khanty-Mansiysk RUS"]
[Date "2016.09.25"]
[Round "4.10"]
[White "Cieslak, Wiktoria"]
[Black "Kochukova, Anna"]
[Result "0-1"]
[BlackTitle "WFM"]
[WhiteElo "1869"]
[BlackElo "2073"]
[WhiteFideId "1160036"]
[BlackFideId "24173932"]
[EventDate "2016.09.22"]

1. e4 e5 2. Nf3 Nf6 3. d4 Nxe4 4. Bd3 d5 5. Nxe5 Nd7 6. Nxd7 Bxd7 7. O-O Bd6 8.
c4 c6 9. cxd5 cxd5 10. Nc3 Nxc3 11. bxc3 O-O 12. Qh5 f5 13. Qf3 Be6 14. Re1 Qd7
15. c4 dxc4 16. d5 Bxh2+ 17. Kxh2 Bxd5 18. Re7 Qxe7 19. Qxd5+ Kh8 20. Qxc4 Qe5+
21. Bf4 Qxa1 22. Qc7 Qf6 23. g3 Qb6 24. Qc2 Rac8 25. Qe2 Rce8 26. Be3 Rxe3 27.
fxe3 Re8 28. Qf3 g6 29. e4 Qb2+ 30. Kh3 fxe4 31. Bxe4 Qe5 32. Bxb7 Qe6+ 33. Qg4
Qxg4+ 34. Kxg4 Rb8 35. Bc6 Rb6 36. Bd7 Rd6 37. Bb5 Rb6 38. Bd7 Kg7 39. a4 Rd6
40. Be8 Kf8 41. Bb5 a6 42. Be2 Rd4+ 43. Kg5 Rxa4 44. Kh6 Kg8 45. g4 a5 46. Bf1
Rb4 47. Bd3 Rd4 0-1

[Event "World Youth Girl U16 2016"]
[Site "Khanty-Mansiysk RUS"]
[Date "2016.09.25"]
[Round "4.11"]
[White "Broly, Mathilde"]
[Black "Simakova, Elena"]
[Result "1/2-1/2"]
[WhiteElo "2046"]
[BlackElo "1860"]
[WhiteFideId "20682794"]
[BlackFideId "34142166"]
[EventDate "2016.09.22"]

1. Nf3 Nf6 2. g3 d5 3. Bg2 c6 4. b3 Bf5 5. Bb2 e6 6. c4 h6 7. d3 Bd6 8. Nbd2 O-O
9. O-O Nbd7 10. Nd4 Be4 11. N4f3 Bf5 12. d4 Ne4 13. Ne1 Qa5 14. Nxe4 dxe4 15. a3
Rfd8 16. Nc2 e5 17. Ne3 Bg6 18. b4 Qc7 19. c5 Bf8 20. Qc2 exd4 21. Bxd4 Ne5 22.
Qb2 Re8 23. Rac1 f5 24. Bh3 Nf7 25. Bxf5 Bxf5 26. Nxf5 Ng5 27. h4 Ne6 28. Be5
Qf7 29. Nd6 Bxd6 30. Bxd6 g5 31. hxg5 Nxg5 32. Kg2 Re6 33. Bf4 Rg6 34. Bxg5 Rxg5
35. Qc3 Rf8 36. Qc4 Qxc4 37. Rxc4 Re5 38. f3 exf3+ 39. exf3 Re3 40. a4 Rf7 41.
Rf2 Kf8 42. Rh4 Rf6 43. Re4 Rd3 44. g4 b6 45. cxb6 axb6 1/2-1/2

[Event "World Youth Girl U16 2016"]
[Site "Khanty-Mansiysk RUS"]
[Date "2016.09.25"]
[Round "4.12"]
[White "Monroy G., Nataly A."]
[Black "Tishova, Svetlana"]
[Result "1/2-1/2"]
[WhiteTitle "WIM"]
[WhiteElo "2105"]
[BlackElo "2317"]
[WhiteFideId "3304019"]
[BlackFideId "24173550"]
[EventDate "2016.09.22"]

1. d4 d5 2. c4 e6 3. Nf3 Nf6 4. Nc3 Be7 5. g3 dxc4 6. Qa4+ Nbd7 7. Qxc4 a6 8.
Bf4 c5 9. dxc5 Bxc5 10. Bg2 b5 11. Qd3 Qb6 12. O-O Bb7 13. h3 O-O 14. a3 Rfd8
15. b4 Bf8 16. Qe3 Rac8 17. Rac1 Qxe3 18. Bxe3 Nd5 19. Nxd5 Bxd5 20. Bd4 f6 21.
Nd2 Bxg2 22. Kxg2 e5 23. Be3 Kf7 24. Nb3 Ke6 25. Rfd1 f5 26. f3 h6 27. Bf2 Re8
28. e4 g6 29. g4 Nf6 30. exf5+ gxf5 31. Nc5+ Bxc5 32. Rxc5 fxg4 33. hxg4 Rxc5
34. Bxc5 Nd5 35. Kg3 Rg8 36. Rh1 Rg6 37. Bf8 Ne3 38. Kf2 Nc4 39. Bxh6 Nxa3 40.
Ra1 Rxh6 41. Rxa3 Kd5 42. Rc3 Rh2+ 43. Ke3 Rb2 44. Ra3 Rxb4 45. Rxa6 Rb1 46. Kd3
Rb3+ 47. Ke2 b4 48. g5 Rb2+ 49. Kd3 Rg2 50. Ra5+ Ke6 51. Rb5 1/2-1/2

[Event "World Youth Girl U16 2016"]
[Site "Khanty-Mansiysk RUS"]
[Date "2016.09.25"]
[Round "4.13"]
[White "Sieber, Fiona"]
[Black "Sakorenko, Adriana"]
[Result "1-0"]
[WhiteTitle "WFM"]
[WhiteElo "2268"]
[BlackElo "2007"]
[WhiteFideId "12902373"]
[BlackFideId "34130249"]
[EventDate "2016.09.22"]

1. e4 e6 2. d4 d5 3. Nc3 Nf6 4. e5 Nfd7 5. f4 c5 6. Nf3 Nc6 7. Be3 cxd4 8. Nxd4
Bc5 9. Qd2 Nxd4 10. Bxd4 Bxd4 11. Qxd4 Qb6 12. Nb5 Qxd4 13. Nxd4 Ke7 14. O-O-O
a6 15. Be2 Nb8 16. Rhe1 Nc6 17. Nb3 b6 18. Bf3 Bb7 19. c3 g6 20. g4 Rac8 21. Kb1
a5 22. Na1 Ba6 23. Nc2 a4 24. Ne3 Na5 25. Bxd5 exd5 26. Nxd5+ Kf8 27. Nxb6 Rc6
28. Nxa4 Ke7 29. b3 Rb8 30. Rd5 Nc4 31. Kc1 Bb5 32. Nb2 Nxb2 33. Kxb2 Bc4 34.
Rd4 Be6 35. g5 Ra6 36. c4 Rba8 37. a4 Rb8 38. Kc3 Bd7 39. Red1 Ra7 40. a5 Bg4
41. Ra1 Rab7 42. Ra3 Rb4 43. a6 R4b6 44. b4 1-0

[Event "World Youth Girl U16 2016"]
[Site "Khanty-Mansiysk RUS"]
[Date "2016.09.25"]
[Round "4.14"]
[White "Priyanka, K"]
[Black "Zairbek kyzy, Begimay"]
[Result "1-0"]
[WhiteElo "2205"]
[BlackElo "1836"]
[WhiteFideId "5082986"]
[BlackFideId "13803603"]
[EventDate "2016.09.22"]

1. e4 c6 2. d4 d5 3. exd5 cxd5 4. Bd3 Nf6 5. c3 Nc6 6. Bf4 Qb6 7. Qc2 h6 8. Nf3
e6 9. Nbd2 Bd7 10. Ne5 Rc8 11. Qb3 Qxb3 12. axb3 a6 13. Ndf3 g5 14. Nxc6 Bxc6
15. Bg3 Nd7 16. Ne5 Bg7 17. Nxc6 Rxc6 18. b4 Ke7 19. Kd2 f5 20. f3 f4 21. Bf2 b5
22. h4 Bf6 23. hxg5 Bxg5 24. Bh4 Rg8 25. Bf1 Kf6 26. Bxg5+ Kxg5 27. Re1 h5 28.
Ke2 Kh6 29. Kf2 Rg5 30. Rh4 Rf5 31. Bd3 Rg5 32. Rxf4 e5 33. Rf7 Rg7 34. Rxg7
Kxg7 35. dxe5 Kf7 36. f4 Ke7 37. Kf3 1-0

[Event "World Youth Girl U16 2016"]
[Site "Khanty-Mansiysk RUS"]
[Date "2016.09.25"]
[Round "4.15"]
[White "Di Benedetto, Desiree"]
[Black "Nguyen, Hong Ngoc"]
[Result "1/2-1/2"]
[WhiteTitle "WFM"]
[WhiteElo "2183"]
[BlackElo "1807"]
[WhiteFideId "875813"]
[BlackFideId "12403083"]
[EventDate "2016.09.22"]

1. Nf3 d5 2. c4 d4 3. e3 c5 4. b4 dxe3 5. fxe3 cxb4 6. a3 e6 7. axb4 Bxb4 8. Qb3
Nc6 9. Bb2 f6 10. Nc3 Nge7 11. d4 a5 12. Kf2 O-O 13. Na4 Kh8 14. c5 e5 15. Nb6
Rb8 16. Bc4 e4 17. Ng1 Nf5 18. Rd1 Qe8 19. Nxc8 Rxc8 20. Be6 a4 21. Qd5 Nfe7 22.
Qxe4 Rd8 23. Nf3 f5 24. Qc2 a3 25. Bc1 Nd5 26. Bxd5 Rxd5 27. Qb3 Qd7 28. Bxa3
Ba5 29. Ne5 Nxe5 30. dxe5 Rd2+ 31. Kg3 Qe7 32. Rxd2 Qxe5+ 33. Kf2 Bxd2 34. c6
Re8 35. Bc1 Bxc1 36. Rxc1 bxc6 37. Rxc6 f4 38. Rc3 h6 39. exf4 Qxf4+ 40. Rf3
Qxh2 41. Qb4 Qe5 42. Rf8+ Rxf8+ 43. Qxf8+ Kh7 44. Qf3 Qd4+ 45. Kg3 Qe5+ 46. Kh3
Kg6 47. Qg4+ Kf6 48. Qh4+ Qg5 49. Qd4+ Kg6 50. Qd6+ Qf6 51. Qg3+ Kh7 52. Qd3+
Qg6 53. Qd5 h5 54. Qf3 Qg5 55. Qe4+ Kh6 56. Qe6+ g6 57. g4 Qf4 58. gxh5 Kxh5 59.
Qe2+ Kh6 60. Qd3 Qc1 61. Qf3 Qc8+ 62. Kg3 Qc7+ 63. Kh3 Qd7+ 64. Qg4 Qd3+ 65. Kh4
Qe3 66. Qb4 g5+ 67. Kg4 Qe6+ 68. Kg3 Kh5 69. Qd4 Qb3+ 70. Kg2 Qb7+ 71. Kg3 Qb8+
72. Kh3 Qb3+ 73. Kg2 Qa2+ 74. Kg3 Qa3+ 75. Kg2 Qb3 76. Qh8+ Kg4 1/2-1/2

[Event "World Youth Girl U16 2016"]
[Site "Khanty-Mansiysk RUS"]
[Date "2016.09.25"]
[Round "4.16"]
[White "Grigoryan, Arpine"]
[Black "Afonasieva, Anna"]
[Result "1-0"]
[BlackTitle "WFM"]
[WhiteElo "1942"]
[BlackElo "2132"]
[WhiteFideId "13307231"]
[BlackFideId "24173606"]
[EventDate "2016.09.22"]

1. e4 c5 2. Nf3 a6 3. c3 d5 4. exd5 Qxd5 5. d4 Nf6 6. Be2 cxd4 7. cxd4 g6 8. Nc3
Qd6 9. O-O Bg7 10. Bg5 O-O 11. Rc1 Nbd7 12. Qd2 Nb6 13. Bf4 Qd8 14. Bh6 Be6 15.
Bxg7 Kxg7 16. Ne5 Bd5 17. h4 Rc8 18. Qf4 Bc4 19. Nxc4 Nxc4 20. b3 Nd6 21. Bf3 b5
22. h5 Nf5 23. Rfd1 Qb6 24. g4 Qd6 25. h6+ Kg8 26. Qxd6 Nxd6 27. g5 b4 28. gxf6
bxc3 29. fxe7 Rfe8 30. Rd3 Rxe7 31. Rdxc3 Rce8 32. Rc7 Kf8 33. Rxe7 Rxe7 34. Rc6
Nf5 35. Rxa6 Re1+ 36. Kg2 Nxd4 37. Bd5 Nb5 38. Bc6 Nc7 39. Ra7 Ne6 40. b4 Rb1
41. b5 Nd4 42. a4 Rc1 43. Bd5 Rc5 44. Bxf7 Nxb5 45. axb5 Rxb5 46. Ba2 Rb2 47.
Bd5 Rb5 48. Be4 Rg5+ 49. Kf1 Re5 50. f3 Rh5 51. Rxh7 g5 52. Rh8+ Kf7 53. h7 Kg7
54. Rg8+ 1-0